Norwich City (2013) FA Youth Cup Winners XI - Statistics

General Stats
  • This quiz has been taken 8 times
  • The average score is 9 of 14
Answer Stats
Answer % Correct
Jacob Murphy
100%
Josh Murphy
100%
Cameron McGeehan
80%
Carlton Morris
80%
Kyle Callan-McFaddan
80%
Cameron King
60%
Cameron Norman
60%
Harry Toffolo
60%
Neil Adams
60%
Ben Wyatt
40%
Harvey Hodd
40%
Henry Randall
40%
Roderick Orlando-Young
40%
Will Britt
40%
No matching quizzes found
Score Distribution
Percent of People with Each Score
Percentile by Number Answered
Your Score History
You have not taken this quiz